000 00705nam a2200193Ii 4500
003 JO-AjNU
008 230605s9999||||xx |||||||||||||| ||und||
040 _aJO-AjNU
_bara
_erda
_cJO-AjNU
041 _aara
050 1 4 _aDS79.F3934
100 3 _aتاليف حسين، فاضل,
_eauthor
_910150
245 0 0 _aسقوط النظام الملكي في العراق
264 3 1 _aبغداد: منشورات مكتبة افاق عربية
300 _a112ص
_bصور فوتوغرافية
336 _atext
_btxt
_2rdacontent
337 _aunmediated
_bn
_2rdamedia
338 _avolume
_bnc
_2rdacarrier
650 4 _aالعراق-تاريخ-العصر الحديث-الحكم الملكي (1931-1958)
_910151
999 _aA1661
_c5229
_d5229